Statistics for Alone Again - The Weeknd Lyrics

Click here to take the quiz!

General Stats

  • This quiz has been taken 66 times
  • The average score is 143 of 182

Answer Stats

HintAnswer% Correct
a
98%
I
98%
my
98%
again
96%
alone
93%
In
91%
in
91%
life
91%
me
91%
So
91%
so
91%
living
89%
off
89%
someone
89%
Take
89%
disguise
87%
else's
87%
I'm
87%
the
87%
to
87%
you
87%
13 | 4xoh-
84%
22x | 4xoh
84%
4xoh,
84%
3xOh,
84%
was
84%
who
84%
be
82%
can
82%
don't
80%
for
80%
if
80%
know
80%
sky
78%
feel
76%
how
76%
much,
76%
much
76%
thousand
76%
up,
76%
up
76%
we're
76%
ones
73%
Suppressing
73%
Together
73%
two
73%
all
71%
and
71%
at
71%
break
71%
break,
71%
falling
71%
heart?
71%
inside
71%
throw
71%
Vegas,
71%
home
69%
night
69%
only
69%
sleep
69%
what
69%
light
67%
am
64%
baby,
64%
down
64%
little
64%
remind
64%
won't
64%
ChorusCall
60%
cold
60%
thoughts?
60%
time
60%
your
60%
it
58%
second
58%
too
58%
wanna
58%
die
53%
count
51%
OutroCount
51%
I'll
51%
took
51%
rewire
49%
altitude
47%
Check
47%
it's
47%
'Cause
42%
star
42%
pulse
40%
send
38%
Woah-
33%
Woah
33%
oh-oh,
7%

Score Distribution

Percentile by Number Answered

Percent of People with Each Score

Your Score History

You have not taken this quiz